6. genel kurula sunulan çalışma raporu (Record no. 9322)

MARC details
000 -BAŞLIK
Sabit Uzunlukta Kontrol Alanı 00856na a2200253 4500
001 - KONTROL NUMARASI
Denetim Alanı 18088
003 - KONTROL NUMARASI IDENTIFIER
Denetim Alanı MIRAKIL
005 - SON İŞLEM TARİHİ VE ZAMANI
Denetim Alanı 20181213155243.0
008 - SABİT-BOY VERİ ELEMANLARI - GENEL BİLGİLER
Sabit Uzunlukta Kontrol Alanı 161111b tu 000 0
035 ## - SİSTEM KONTROL NUMARASI
Sistem Kontrol Numarası 18088
040 ## - KATALOGLAMA KAYNAK
Orijinal Kataloglama Ajansı Milas
Kataloglama Dili tur
Metne Dönüştürmek Ajansı TR-AnCHP
041 ## - DİL KODU
Metin / Ses Parça Veya Ayrı Başlığın Dil Kodu tur
082 ## - DEWEY ONLU SINIFLANDIRMA NUMARASI
Sınıflandırma Numarası 331.8802
Ürün Numarası T96a 1999
090 ## - SINIFLAMA NUMARASI
Sınıflama Numarası 331.8802 T96h 1991
111 ## - ANA GİRİŞ - TOPLANTI ADI
Giriş Elemanı Olarak Toplantı Adı Veya Yargı Alanı Adı Türkiye Maden İşçileri Sendikası Olağan Genel Kurulu
Toplantının Yeri Ankara
Toplantı Veya Antlaşma İmzalandığı Tarihi 9-10 Ekim1999
Bölüm / Bölüm / Toplantı Sayısı 6.
245 ## - BAŞLIK TABLOSU
Başlık 6. genel kurula sunulan çalışma raporu
Sorumluluk Tablosu, Vb Türkiye Maden İşçileri Sendikası
260 ## - YAYIN, DAĞITIM, VB
Yayın, Dağıtım, Vb Yeri Ankara
Yayıncı, Dağıtıcı, Vs Adı Sendika
Yayın, Dağıtım, Vb Tarihi 199
300 ## - FİZİKSEL TANIM
Kapsam 445 s.
Diğer Fiziksel Ayrıntıları tbl.
Boyutlar 24 sm.
610 ## - KONU KATMA GİRİŞ - TOPLANTI ADI
Giriş Elemanı Olarak Kurumsal Ad Veya Yargı Alanı Adı Türkiye Maden İşçileri Sendikası
Genel Alt Bölüm Toplantılar
Kronolojik Alt Bölüm Çalışma raporları
650 ## - KONU KATMA GİRİŞ - TOPİKAL DÖNEM
Topikal Süreli Veya Coğrafi Ad Giriş Elemanı İşçi sendikaları
Coğrafi Alt Bölümü Türkiye
650 ## - KONU KATMA GİRİŞ - TOPİKAL DÖNEM
Topikal Süreli Veya Coğrafi Ad Giriş Elemanı Madencilik
Coğrafi Alt Bölümü Türkiye
650 ## - KONU KATMA GİRİŞ - TOPİKAL DÖNEM
Topikal Süreli Veya Coğrafi Ad Giriş Elemanı Sendikalar
Genel Alt Bölümü Çalışma raporları
Coğrafi Alt Bölümü Türkiye
942 ## - EKLENDİ GİRİŞ ELEMANLARI (KOHA)
Sınıflandırma Veya Raf Düzeni Kaynak Dewey Decimal Classification
Koha Öğesi Türü Books
999 ## - SİSTEM KONTROL NUMARALARI (KOHA)
Koha Biblionumber 9322
Koha Biblioitemnumber 9322
Holdings
Kalıcı Konum Mevcut Konum Edinme Tarihi Edinim Kaynak Toplam Check-Out'Lar Tam Çağrı Numarası Barkod Tarih Son Görülme İtibaren Geçerli Fiyatlar Koha Öğesi Türü
CHP Kütüphanesi CHP Kütüphanesi 11/11/2016 Bağış   331.8802 T96h 1991 009347 11/11/2016 11/11/2016 Books